000 00848nam a2200229 a 4500
001 80212
003 BD-RjUL
005 20220821111053.0
008 220821s2022 bg ||||| |||| 00| 0 ben d
020 _a9789849641858
035 _a(BD-RjUL)80212
040 _aBD-RjUL
_beng
_cBD-RjUL
041 _aben
082 _223
_a954.92
_bKAI 2022
100 _aকাশেম, আবুল
_94426
245 1 0 _aইতিহাসের মুহূর্ত, ইতিহাসের মানুষ :
_bপূর্ববাংলা থেকে বাংলাদেশ /
_cআবুল কাশেম
260 _aঢাকা :
_bকথাপ্রকাশ,
_c২০২২
300 _a১২০ পৃ.;
_c২২ সেমি.
650 _aবাংলাদেশ
_xইতিহাস
650 _aBangladesh
_xHistory
942 _2ddc
_cBK
999 _c80212
_d80212